000 00597nam a22001457a 4500
008 140901b xxu||||| |||| 00| 0 eng d
020 _a0406092729
050 _aKD277.7.L39(1901 vol.1)
245 _aThe Law Reports(1901 vol.1) King's Bench division: of the incorporated council of law reporting, king's bench division and on appeal decisions on crown cases and canal commission. /
_cedited by Pollock, Frederick.
260 _aLondon:
_bButterworth & Co Ltd,
_c1901.
300 _axvii,784p.:
_c24cm.
440 _pKing's bench division
_vvol.1.
800 _aPollock, Frederick
942 _2lcc
_cBK
999 _c3925
_d11425